Score 0/20 Timer 01:00
0 Plays Today
Question Answer Wrong Answers
Word Ward
81.2%
Word
1%
Word
1.6%
Word
1.4%
Background Color Poll
81%
Poll
1%
Poll
1.1%
Pole
2.1%
Background Color Zoom
80.7%
Zoom
0.9%
Zoom
1.1%
Room
2.1%
Background Color Sever
80.7%
Sever
1%
Sever
0.9%
Sewer
2.5%
Background Color Late
80.6%
Late
1%
Late
0.8%
Mate
2.6%
Background Color Wane
80.3%
Wane
1.7%
Wane
0.7%
Ware
2.3%
Word This
79.9%
That
1.3%
That
2.3%
That
1.6%
Word Wish
79.9%
Fish
0.9%
Fish
2.5%
Fish
1.6%
Circle Color Time
79.6%
Time
1.6%
Time
1.4%
Tine
2.3%
Word Quite
79.4%
Quiet
1.3%
Quiet
2.6%
Quiet
1.7%
Word Form
79.3%
From
1.9%
From
2%
From
1.7%
Circle Color Mine
79.1%
Mine
1.4%
Mine
1.4%
Mind
2.6%
Circle Color Skill
79.1%
Skill
2.2%
Skill
1.3%
Spill
2.5%
Circle Color Rot
78.8%
Rot
2.2%
Rot
1.4%
Pot
2.5%
Circle Color More
78.7%
More
2.3%
More
1.6%
Morn
2.6%
Circle Position Knot
77.2%
Knot
3.1%
Knot
1.4%
Know
3%
Circle Position Here
76.3%
Here
2.3%
Here
2.9%
Hear
3.5%
Circle Position Noodle
74.5%
Noodle
3.3%
Noodle
3.1%
Needle
4.3%
Circle Position Climber
73.4%
Climber
4.3%
Climber
3.3%
Clamber
4.1%
Circle Position Bring
69.5%
Bring
5.8%
Bring
4.3%
Brink
5.7%
Remove Ads.
Support Sporcle.
Get the best of Sporcle when you Go Orange. This ad-free experience offers more features, more stats, and more fun while also helping to support Sporcle. Thank you for becoming a member.

You're not logged in!

Compare scores with friends on all Sporcle quizzes.
OR
Log In

Show Comments

Extras

Top Quizzes Today


Score Distribution

Your Account Isn't Verified!

In order to create a playlist on Sporcle, you need to verify the email address you used during registration. Go to your Sporcle Settings to finish the process.

Report this User

Report this user for behavior that violates our Community Guidelines.

Details: